000 00309nam a22001337a 4500
008 171107b xxu||||| |||| 00| 0 eng d
020 _a0256019940
041 _aeng
080 _28TH
_a330.722.6
100 _a62
101 _aKON
245 _aFUNDAMENTAL ACCOUNTING PRINCIPLES
_cPYLE,W.W
942 _2udc
_cBK
999 _c38062
_d38062